000 01110nam a2200313Ia 4500
003 OSt
005 20221007121529.0
006 a|||||r|||| 00| 0
007 ta
008 221006b |||||||| |||| 00| 0 eng d
020 _a9781292170435 (PBK)
024 _a200644
037 _b38559, 06/02/2019, Saras Books
_cTextual
040 _aBDL
_cBDL
_beng
041 _2eng
_aeng
082 _aG, P6;Q8 Carb
100 _aCampbell Neil A
_9395839
245 0 _aCampbell biology and global approach
_b Urry Lisa A Cain Michael L Wasserman Steven A Minorsky Peter A Reece Jane B
250 _a11
260 _aNew
_bYork Pearson
_c2017
300 _a1342p. col. ill
_ccm.
500 _aGlossary G-1-G-35p.; Index I-1-I-52p.
700 _a Cain Michael L
_9395536
700 _a Minorsky Peter A
_9712317
700 _a Urry Lisa A
700 _a Wasserman Steven A
_9710336
942 _hG, P6;Q8 Carb
_cTEXL
_2CC
999 _c1209000
_d1209000